[Event "Dortmund SuperGM"]
[Site "Dortmund"]
[Date "2001.07.20"]
[Round "8"]
[White "Anand, Viswanathan"]
[Black "Topalov, Veselin"]
[Result "0-1"]
[WhiteElo "2794"]
[BlackElo "2711"]
[Annotator "Ftacnik,L"]
[PlyCount "168"]
[EventDate "2001.07.12"]
[EventType "tourn"]
[EventRounds "10"]
[EventCountry "GER"]
[EventCategory "21"]
[SourceTitle "CBM 085"]
[Source "ChessBase"]
[SourceDate "2001.11.13"]
[SourceVersion "1"]
[SourceVersionDate "2001.11.13"]
[SourceQuality "1"]

1. e4 c5 2. Nf3 Nc6 3. Bb5 d6 4. O-O Bd7 5. Re1 Nf6 6. c3 a6 7. Bf1 Bg4 8. d3
e6 9. Nbd2 Nd7 $6 {Topalov hopes to avoid the move Nh4 from the variations
after 9...Be7, but he diminishes control of the center and neglects
development of the pieces.} 10. h3 Bh5 11. g4 Bg6 12. d4 $1 cxd4 (12... Be7 13.
d5 $1 exd5 14. exd5 Nce5 15. Nxe5 dxe5 (15... Nxe5 $2 16. f4 Nd3 17. f5 $1) 16.
f4 $1 $40) 13. cxd4 e5 14. d5 (14. Nc4 b5 15. Ne3 Bxe4) 14... Ncb8 15. b4 $1 {
Thanks to the closed character of the struggle black was able to avoid huge
problems, but Anand enjoys pleasant initiative.} h5 16. g5 (16. Nc4 hxg4 17.
hxg4 Nf6 18. Ng5 b5 19. Na5 Qd7 20. f3 Be7 $15) 16... a5 (16... h4 17. Nc4 b6
18. Bd3 $14) 17. bxa5 Be7 (17... Rxa5 18. a4 Nc5 $6 19. Nb3 $16) 18. Nb3 O-O (
18... Na6 19. Bb5 O-O 20. Nh4 Ndc5 (20... Bxg5 21. Nxg6 fxg6 22. Bxd7 $18) 21.
Nxg6 fxg6 22. h4 $16) 19. Qd2 $6 (19. Bd2 Na6 20. Rc1 Nac5 21. Rc4 f6 22. Nxc5
Nxc5 23. gxf6 Bxf6 24. Qe2 $16) 19... Na6 20. Nh4 Nac5 $1 21. Bg2 b6 22. Nf5 (
22. Nxg6 fxg6 $132) 22... f6 $1 (22... Bxf5 23. exf5 Nxb3 (23... bxa5 24. Nxc5
Nxc5 25. Qe3) 24. axb3 Rxa5 25. Rxa5 bxa5 26. Qe3 $14) 23. Nh4 Qe8 24. Nxc5 (
24. Qc3 $5 fxg5 25. Nxg6 Qxg6 26. axb6 $15) 24... Nxc5 25. axb6 fxg5 26. Nxg6
Qxg6 27. Qe2 Rfb8 28. Rb1 Bd8 $1 {Topalov plys very well in the defense and
white has to start worrying about liquidation of the tension into complete
equality.} 29. Be3 (29. Bf3 g4 $1 30. hxg4 hxg4 31. Bxg4 Rxa2 32. Qxa2 Qxg4+
33. Kf1 Qh3+ 34. Kg1 (34. Ke2 $4 Qd3#) 34... Qg4+ $11) 29... Bxb6 30. Rec1 g4
31. hxg4 hxg4 32. Rb4 Ba5 (32... Ba7 $5) 33. Rxb8+ Rxb8 34. Bxc5 dxc5 35. d6 (
35. Rxc5 Rb1+ 36. Bf1 g3 $1 37. Rxa5 g2 $19) 35... Qxd6 36. Qc4+ $2 (36. Qxg4
$1 Bd2 37. Rd1 $13) 36... Kh8 37. Qxc5 Qh6 $1 (37... Qxc5 38. Rxc5 Bb6 39. Rxe5
g3 40. Kf1 Bxf2 $11) 38. Rd1 $2 (38. Qe3 Qxe3 39. fxe3 Bd2 40. Rc2 Bxe3+ 41.
Kf1 $17) 38... Bb6 $1 (38... g3 $5 39. Qxa5 Qh2+ 40. Kf1 gxf2 41. Rd8+ Kh7 $1
42. Rxb8 (42. Kxf2 Qh4+ 43. Ke2 Rxd8 44. Qxe5 $15) 42... Qg1+ 43. Ke2 Qxg2 44.
Rh8+ $1 Kxh8 45. Qd8+ Kh7 46. Qh4+ Kg6 47. Qxf2 Qxe4+ $17) 39. Qxe5 Rf8 40. Rf1
(40. Qh2 Rxf2 41. Qxh6+ gxh6 $17) 40... Qh4 $2 {This move is yet another
tragic prove how difficult it is to manage problems with the time trouble.
With a bit more time in his pocket black would surely have found tyhe winning
move 40...Rf4!} (40... Rf4 $1 41. Qc3 Qh4 $19) 41. Qh2 Bxf2+ 42. Kh1 Qxh2+ (
42... g5 43. Qxh4+ gxh4 44. a4 $1 h3 45. Bxh3 gxh3 46. a5 $11) 43. Kxh2 g5 (
43... Rf6 44. Bh1) 44. Bh1 $1 g3+ 45. Kg2 g4 46. Rd1 Kg7 47. Kf1 Bd4+ 48. Ke2 (
48. Kg2 Be5 49. Rd2 Rf3) 48... Be5 (48... Rf2+ 49. Kd3 Be5 50. Rd2) 49. Rd2 Ra8
50. Bg2 Kf6 51. Kd3 Kg5 52. Ke2 (52. Kc4 $5 Kf4 53. Re2 $15) 52... Kf4 53. Rc2
Ra3 54. Rd2 Re3+ 55. Kd1 Ra3 56. Re2 Ra7 57. Rc2 Rb7 58. Re2 Rb1+ 59. Kc2 Rg1
60. Kd3 $1 Rc1 (60... Rxg2 61. Rxg2 Kf3 62. Rg1 g2 63. a4 Kf2 64. Rxg2+ Kxg2
65. a5 Bb8 66. a6 g3 67. e5 $11) 61. Rd2 Rc3+ 62. Ke2 Rf3 $1 63. Kd1 (63. Bxf3
gxf3+ 64. Kf1 Ke3 65. Rc2 Kd3 $1 $19) (63. Rc2 Rf2+ 64. Kd3 Rxc2 $1 65. Kxc2
Ke3 66. a4 Kf2 67. a5 Kxg2 68. a6 Bb8 69. e5 Kf3 70. e6 g2 71. e7 g1=Q $19)
63... Bc3 64. Re2 Ke5 65. Kc2 Bd4 66. Kd1 Rf8 67. Rd2 Rb8 68. Ke2 Bc3 69. Rd5+
(69. Rc2 Kd4 70. Kd1 Rb1+ 71. Rc1 (71. Ke2 Re1#) 71... Rxc1+ 72. Kxc1 Ke3 73.
Kc2 Be5 74. a4 Kf2 75. a5 Kxg2 76. a6 Kf3 77. a7 g2 78. a8=Q g1=Q $19) 69...
Ke6 70. Kd3 Be5 (70... Rb2 71. Kxc3 Rxg2 72. Rg5 Rxa2 73. Rxg4 Ke5 74. Kd3 $11)
71. Rc5 Rb1 72. Rc6+ Kd7 73. Rc2 Rg1 74. a4 {In a nasty ending Anand is
fighting like a lion and enjoys good chances for a draw.} Ra1 75. Kc4 Ke6 (
75... Rxa4+ 76. Kd5 $11) 76. Kb3 Bd4 77. Ra2 Rg1 78. a5 Bf2 79. a6 Ke5 (79...
Rxg2 80. a7 Bxa7 81. Rxg2 Bf2 82. Kc3 Ke5 83. Kd3 Kf4 84. Ke2 Kxe4 (84... Bd4
85. Kf1 Kf3 86. Ra2 Bf2 87. Ra3+ $11) 85. Rxf2 gxf2 86. Kxf2 $11) 80. Ra5+ Kf6
(80... Kf4 81. Kc4 Rxg2 $2 82. Kd3 Bc5 83. Rxc5 Kf3 84. Rf5#) 81. e5+ $6 (81.
Ra2 Kg5 82. Kc4 Rxg2 (82... Kf4 83. Ra5 $1) 83. a7 Bxa7 84. Rxg2 Kf4 85. e5 $1
$11) 81... Ke6 82. Bd5+ (82. Bb7 g2 83. Bxg2 Rxg2 84. a7 Bxa7 85. Rxa7 Kxe5 $19
) 82... Kxe5 83. Bb7+ Kf6 (83... Kd6 84. Ra2 (84. a7 Bxa7 85. Rxa7 g2 86. Bxg2
Rxg2 87. Ra5 (87. Kc3 Ke5 88. Rf7 Ke4 $19) 87... Ke6 88. Kc3 Kf6 89. Kd3 Rf2
90. Ke3 g3 $19) 84... g2 85. Ka4 $1 g3 86. Bxg2 Rxg2 87. a7 Bxa7 88. Rxg2 $11)
84. Ra4 $4 {Horrible blunder after a long tirering fight, in Dortmund Anand
was clearly out of form.} (84. Ra2) 84... g2 0-1

[Event "EU-ch 2nd"]
[Site "Ohrid"]
[Date "2001.06.12"]
[Round "11"]
[White "Polgar, Judit"]
[Black "Tiviakov, Sergei"]
[Result "1-0"]
[WhiteElo "2678"]
[BlackElo "2603"]
[Annotator "Ftacnik,L"]
[PlyCount "59"]
[EventDate "2001.06.01"]
[EventType "swiss"]
[EventRounds "13"]
[EventCountry "YUG"]
[SourceTitle "CBM 084"]
[Source "ChessBase"]
[SourceDate "2001.09.13"]
[SourceVersion "1"]
[SourceVersionDate "2001.09.13"]
[SourceQuality "1"]

1. e4 c5 2. Nf3 Nc6 3. Bb5 d6 4. c3 Nf6 5. Qe2 Bd7 6. d4 cxd4 7. cxd4 a6 8.
Bxc6 (8. Bd3 e5 9. d5 Nb4 10. Bc4 b5 11. Bb3 a5 12. O-O Be7 13. a4 bxa4 14.
Bxa4 Bxa4 15. Rxa4 O-O 16. Nc3 Na6 17. Ra3 Nc5 18. Nd2 {1-0 Conquest,S-Grivas,
E/Corfu/1991/ (34)}) (8. Ba4 d5 (8... e5 9. Bxc6 Bxc6 10. Nc3 Qb8 11. O-O Be7
12. Bg5 O-O 13. Rfd1 Re8 14. dxe5 dxe5 15. Bxf6 Bxf6 16. Nd5 Bd8 17. Rac1 a5
18. Rc3 Qa7 {0-1 Nevednichy,V-Tiviakov,S/Ohrid/2001/ (59)}) 9. exd5 Qa5+ 10.
Nc3 Nxd5 11. Bd2 Nxc3 12. Bxc6 Bxc6 13. bxc3 e6 14. c4 Bb4 15. d5 Bxd2+ 16.
Nxd2 Bd7 17. O-O O-O 18. d6 Rfd8 19. Qe3 Rac8 20. Rfc1 Qc5 {1/2-1/2 Cicak,
S-Babula,V/CZE 2001/ (43)}) 8... Bxc6 9. d5 (9. Nc3 d5 10. exd5 Nxd5 11. O-O e6
12. Ne5 Be7 (12... Nxc3 13. bxc3 Be7 14. f4 O-O 15. Nxc6 bxc6 16. f5 exf5 17.
Rxf5 Qd7 18. Qd3 {1-0 Rahl,V-Petrik,S/SVK/1996/ (72)}) 13. Qg4 Bf6 14. Ne4 Qc7
15. Qh5 Nb4 16. Nxf7 Bxe4 17. Nd6+ Ke7 18. Nxe4 Nc2 19. Ng5 g6 20. Qg4 Nxd4 21.
Be3 {1-0 Heintze,M-Domsgen Hoelzlein,C/Halle/1975/ (47)}) 9... Bd7 10. Nc3 g6 (
10... e5 11. dxe6 Bxe6 12. O-O Be7 13. Nd4 $14) 11. O-O Bg7 12. Be3 O-O 13. Bd4
{[%mdl 32] Polgar has chosen positional compensation for the opponent's
bishop's pair, white pieces have excellent control of the center.} Bg4 (13...
Ne8 14. Bxg7 Nxg7 15. Rac1 $14) (13... Rc8 14. Rac1 b5 15. a3 $14) 14. h3 Bxf3
15. Qxf3 Rc8 16. Rac1 b5 17. Qe3 (17. a3 Rc4 18. Rfd1 Qa5 $14) 17... Qd7 (17...
b4 18. Ne2 Rxc1 19. Rxc1 e6 20. dxe6 fxe6 21. Qb3 $14) 18. Ne2 e6 19. dxe6 Qxe6
20. f3 Rxc1 $6 {Tiviakov would love to take the pawn, but giving up the c file
is too dangerous.} (20... Qxa2 21. Ra1 Qc4 22. Rfc1 (22. Rxa6 Nd5 23. exd5 Rfe8
24. Rc6 Bxd4 25. Qxd4 Qxe2 26. Rfc1 $14) 22... Qe6 23. Rxa6 Rxc1+ 24. Qxc1 $14)
21. Rxc1 Qxa2 22. Rc6 $1 (22. Qc3 Ne8 23. Bxg7 Nxg7 24. Nf4 f5 25. Nd5 fxe4 26.
fxe4 h6 $13) 22... Rd8 (22... Ne8 23. Bxg7 Kxg7 24. Qc3+ Kg8 25. Nf4 $40) 23.
Qc3 Ne8 (23... Qe6 24. Rxa6 Rc8 25. Qd2 $16) 24. Bxg7 Nxg7 25. Nf4 $1 {The
crowning of the white's positional strategy, all white pieces are stronger
than their counterparts.} Ne6 (25... Ne8 26. Nd5 a5 27. Ra6 b4 28. Qd4 $16) 26.
Qf6 Re8 27. Nd5 a5 (27... Ng7 28. Qc3 $18) 28. Rxd6 Qc4 29. Rd7 Qc5+ 30. Kh2 (
30. Kh2 Qf8 31. Ne7+ (31. Qe5 Qg7 32. Nf6+ Kh8 33. Qxe6 Rxe6 34. Rd8+ Qf8 35.
Rxf8+ Kg7 36. Nd7 Rd6 37. Rd8 a4 $132) 31... Rxe7 32. Qxe7 $18) 1-0

[Event "Foros Aerosvit"]
[Site "Foros"]
[Date "2007.06.28"]
[Round "10"]
[White "Svidler, Peter"]
[Black "Jakovenko, Dmitrij"]
[Result "1-0"]
[WhiteElo "2736"]
[BlackElo "2708"]
[Annotator "Ftacnik,L"]
[PlyCount "93"]
[EventDate "2007.06.18"]
[EventType "tourn"]
[EventRounds "11"]
[EventCountry "UKR"]
[EventCategory "18"]
[SourceTitle "CBM 119"]
[Source "ChessBase"]
[SourceDate "2007.08.01"]
[SourceVersion "1"]
[SourceVersionDate "2007.08.01"]
[SourceQuality "1"]

1. e4 c5 2. Nf3 Nc6 3. Bb5 d6 4. O-O Bd7 5. Re1 Nf6 6. c3 a6 7. Bf1 Bg4 8. d3
e6 9. Nbd2 d5 10. exd5 $5 {The opening of the center is somewhat surprising.
Svidler is conscious that his small development advantage could be exploited
with the help of an immediate skirmish.} (10. h3 Bh5 11. Qe2 Qc7 12. a3 Be7 13.
g4 Bg6 14. Nh4 dxe4 15. dxe4 Nd7 16. Ndf3 Bd6 17. Bg2 O-O-O 18. b4 Nde5 19.
Nxe5 Bxe5 20. Bd2 Rd7 {0-1 Sadvakasov,D (2615)-Gelfand,B (2733)/Calatrava 2007
(30)}) 10... Qxd5 (10... Nxd5 11. Qa4 Bxf3 12. Nxf3 Be7 13. g3 O-O 14. Bd2 Bf6
15. Rad1 b5 16. Qe4 Rc8 17. a3 g6 18. Bh6 Re8 19. Rc1 Bg7 20. Bxg7 Kxg7 21. h4
Nf6 22. Qe3 {1-0 Alekseev,E (2640)-Tiviakov,S (2669)/Sochi 2006 (74)}) 11. h3
Bh5 (11... Bxf3 12. Nxf3 Be7 13. Be3 O-O 14. d4 cxd4 15. Nxd4 Rfd8 16. g3 Nxd4
17. Bxd4 Bc5 18. Re5 Qxe5 19. Bxe5 Rxd1 20. Rxd1 Ne4 21. Kg2 f6 22. Bd4 Rd8 23.
Bc4 Kf7 24. Re1 Bxd4 25. Rxe4 Be5 26. f4 Rd2+ 27. Kf3 Bc7 28. Bxe6+ Kf8 29. Rc4
{1-0 Malakhov,V (2691)-Novikov,S (2545)/Sochi 2006 (49)}) 12. g4 Bg6 13. Nc4
Qd8 14. Bg2 $1 {The transfer of the bishop to the long semiopen diagonal is
the central idea of White's concept.} (14. Nfe5 Nxe5 15. Nxe5 Bd6 16. Bg2 Bxe5
17. Rxe5 Nd7 18. Re1 Qc8 19. Qf3 Ra7 20. d4 O-O 21. Be3 b6 22. Rad1 Nf6 23.
dxc5 bxc5 24. Qf4 $14 {1/2 Glek,I (2605)-Jaracz,P (2506)/Lido Estensi 2002/ 
(64)}) 14... Qc7 $2 (14... Bxd3 15. Nce5 (15. Nfe5 Bxc4 16. Nxc4 Qxd1 17. Rxd1
$14) 15... Be4 16. Qxd8+ Nxd8 (16... Rxd8 17. Nxf7 $1 Bxf3 18. Nxd8 Bxg2 19.
Nxe6 Bd5 20. Nf4+ Kf7 21. g5 Rg8 22. f3 Bxf3 23. Kf2 Be4 24. gxf6 $16) 17. g5
Bxf3 18. Bxf3 Nd7 19. Nc4 $14) (14... Qxd3 $2 15. Qb3 Ra7 16. Nfe5 Nxe5 17.
Nxe5 Qb5 18. Qd1 $16) 15. Nfe5 Nxe5 16. Bf4 $1 {[%mdl 2048] Jakovenko probably
underestimated the impact of this witty development of the last minor piece.}
Rd8 (16... Nfd7 17. Rxe5 Nxe5 18. Bxe5 Qd8 19. Bxb7 f6 (19... Ra7 20. Qa4+ Ke7
21. Qc6 $18) 20. Qa4+ Kf7 21. Bxa8 Qxa8 22. Qd7+ $16) 17. Bxe5 Qd7 18. d4 (18.
Nb6 Qb5 (18... Qxd3 19. Bxb7 $16) 19. Bxf6 gxf6 20. Nd5 Bd6 21. Nxf6+ Ke7 22.
Qf3 $16) 18... cxd4 19. Qxd4 Qb5 $6 {The defence after the exchange of the
queens would have been a rather ungrateful task, but the postponement of this
necessity will turn it into mission impossible.} (19... Qxd4 20. Bxd4 Nd5 21.
Rad1 $16) 20. Nd6+ $1 (20. Qf4 Nd5 21. Bxd5 Rxd5 22. Bd6 $14) (20. a4 Rxd4 21.
axb5 Rxc4 22. bxa6 (22. Bxb7 axb5 23. b3 Rc5 24. b4 Rxe5 25. Rxe5 Kd7 $13)
22... bxa6 23. Rxa6 Nd7 24. Ra8+ Ke7 25. Bg3 $13) 20... Bxd6 21. Bxd6 Qd3 (
21... Qxb2 22. Rad1 Bc2 23. Rd2 $18) (21... h5 22. c4 Qd7 23. Rad1 $16) 22.
Rad1 Qxd4 23. Rxd4 Rd7 24. Red1 Nd5 (24... Bc2 25. R1d2 Bb1 26. b3 h6 27. c4
$16) 25. Ba3 $1 {The defender is suddenly facing a completely lost position.
Svidler can rely on the development advantage, two bishops and the enemy king
trapped in the center.} b5 (25... Kd8 26. c4 Nf6 27. Rxd7+ Nxd7 28. Bxb7 $18)
26. b3 Kd8 27. c4 Nf6 28. Rxd7+ Nxd7 29. cxb5 (29. Bc6 Kc7 30. cxb5 Nb8 31. Rc1
$16) 29... axb5 30. Bb4 (30. Bc6 Kc7 31. Bxb5 Nf6 32. Bb2 $18) (30. Rd6 $1 e5
31. Ra6 $18) 30... f6 31. Bc6 Be8 32. Bxb5 {Black will try to show some
resistance in a completely lost position, otherwise the flow of the game would
be too one-sided.} h5 33. a4 hxg4 34. hxg4 Rh3 35. Bc4 (35. a5 Rxb3 36. a6 Rxb4
37. a7 Rxb5 38. a8=Q+ Ke7 39. Qa3+ $18) 35... f5 36. a5 (36. Bxe6 fxg4 37. Ba5+
Ke7 38. Re1 $18) 36... Kc7 37. Bxe6 Nf6 38. g5 Bc6 39. Bd6+ Kb7 40. f3 $1 {
Svidler was forced to play the only winning move, but his position is
completely domineering.} Ne8 (40... Bxf3 41. gxf6 gxf6 42. Rd4 $18) 41. Be5 Nc7
(41... Rxf3 42. Rd8 Ka6 43. Rc8 $18) 42. Bd7 Bxf3 (42... Rh1+ 43. Kxh1 Bxf3+
44. Kg1 Bxd1 45. b4 $18) 43. Rd6 Na6 44. Rb6+ (44. Bxf5 Rh4 45. Kf2 $18) 44...
Ka7 45. Bxf5 Rh4 46. Kf2 Bb7 47. Kg3 1-0

[Event "PCA-Wch Candidates m1"]
[Site "New York"]
[Date "1994.??.??"]
[Round "2"]
[White "Adams, Michael"]
[Black "Tiviakov, Sergei"]
[Result "1-0"]
[WhiteElo "2660"]
[BlackElo "2630"]
[Annotator "Ftacnik,L"]
[PlyCount "49"]
[EventDate "1994.06.??"]
[EventType "match"]
[EventRounds "8"]
[EventCountry "USA"]
[SourceTitle "CBM 042"]
[Source "ChessBase"]
[SourceDate "1994.10.01"]
[SourceVersion "1"]
[SourceVersionDate "1994.10.01"]
[SourceQuality "1"]

1. e4 c5 2. Nf3 d6 3. Bb5+ Nc6 4. O-O Bg4 5. h3 Bh5 6. c3 Qb6 $6 (6... a6 7.
Bxc6+ bxc6 8. d4 cxd4 9. cxd4 e6 $16) 7. Na3 a6 8. Ba4 Qc7 9. d4 b5 $6 10. Nxb5
$1 axb5 11. Bxb5 O-O-O $6 (11... Rb8 12. Qa4) (11... Qb6 12. a4 $40) 12. b4 (
12. Qa4 Nb8 13. dxc5 Bxf3 14. gxf3 dxc5 15. Bg5 h6 16. Rfd1 (16. Bh4 $16) 16...
Rxd1+ 17. Rxd1 hxg5 18. Ba6+ Nxa6 19. Qxa6+ Qb7 $2 20. Qa5 $18) 12... Bxf3 13.
gxf3 $1 Nb8 (13... cxb4 $2 14. cxb4 Nxb4 15. Qa4 Qc3 16. Bb2 Qxb2 17. Qa8+ Kc7
18. Qa7+ Kc8 19. Rfc1+ Qc2 20. Rxc2+ Nxc2 21. Ba6#) 14. Qa4 (14. bxc5 dxc5 15.
Rb1 e5 (15... Rd6 $1 {Adams}) 16. Qa4 Rd6 17. dxe5 Rg6+ 18. Kh2 Qxe5+ 19. f4
$18) 14... c4 15. d5 $1 Nf6 (15... e6 16. Be3 Ne7 $16) 16. Be3 Nfd7 (16... e6
$5) 17. Bc6 e6 (17... Ne5 18. b5 $1 Nxf3+ 19. Kh1 $18) 18. b5 exd5 19. exd5 Nb6
(19... Nc5 20. Qa8) (19... Nxc6 20. bxc6 Nb8 21. Rab1 $18) 20. Qb4 (20. Qa5 $2
Nxd5) 20... Be7 (20... Nxc6 21. bxc6 Nxd5 22. Qb5 Nxe3 23. Qa6+ Kb8 24. Rab1+)
21. a4 Bf6 (21... Rdf8 22. Rfd1) 22. a5 Nxc6 23. bxc6 Nxd5 24. Qb5 Rde8 (24...
Nxc3 25. Qa6+ Kb8 26. Rab1+) 25. Bb6 (25. Qxd5 $18) (25. Bb6 Nxb6 (25... Qe7
26. Qa6+ Kb8 27. Rab1 $18) 26. axb6 Qb8 27. Qa6+ Kd8 28. c7+) 1-0

[Event "Corus"]
[Site "Wijk aan Zee"]
[Date "2001.01.27"]
[Round "12"]
[White "Adams, Michael"]
[Black "Tiviakov, Sergei"]
[Result "1-0"]
[WhiteElo "2746"]
[BlackElo "2597"]
[Annotator "Ftacnik,L"]
[PlyCount "65"]
[EventDate "2001.01.13"]
[EventType "tourn"]
[EventRounds "13"]
[EventCountry "NED"]
[EventCategory "19"]
[SourceTitle "CBM 081"]
[Source "ChessBase"]
[SourceDate "2001.03.20"]
[SourceVersion "1"]
[SourceVersionDate "2001.03.20"]
[SourceQuality "1"]

1. e4 c5 2. Nf3 Nc6 3. Bb5 d6 4. O-O Bd7 5. Re1 Nf6 6. h3 Ne5 7. a4 Nxf3+ 8.
Qxf3 a6 9. Bxd7+ Qxd7 10. d3 e6 (10... g6 11. Nc3 Bg7 12. e5 dxe5 13. Rxe5 $14)
11. Nd2 Rb8 12. Nc4 (12. a5 d5 13. Qg3 $14) 12... b5 $1 {Pawn structure plays
a great role in the fate of the game, black is preventing the fixing of his
queenside after the move a4-a5.} (12... Be7 13. a5 $14) 13. axb5 axb5 14. e5
bxc4 (14... dxe5 15. Nxe5 Qc7 16. Bg5 $16) (14... Nd5 15. Nxd6+ Bxd6 16. exd6
$16) 15. exf6 cxd3 (15... gxf6 16. Qxf6 Rg8 17. dxc4 Qb7 18. g3 Bg7 19. Qh4 $14
) 16. fxg7 Bxg7 17. Qxd3 O-O 18. Bf4 Rb6 (18... Bxb2 $2 19. Rad1 $1 e5 20. Bxe5
Bxe5 21. Rxe5 $18) (18... Rxb2 19. Bxd6 Rc8 (19... Rd8 20. Rad1 $16) 20. Qg3
$14) 19. Qd2 (19. Rad1 d5 $11) 19... Qe7 {Tiviakov is dancing around the
complete equality, but he fails to play the most exact moves.} (19... Bxb2 20.
Rab1 Rfb8 21. Red1 (21. Rxb2 Rxb2 22. Be5 Qd8 $1 23. Bxb2 Rxb2 $15) 21... Bd4 (
21... e5 22. Rxb2 Rxb2 23. Bxe5 Rb1 24. Qg5+ Kf8 25. Qg7+ Ke8 $11) 22. Rxb6
Rxb6 23. c3 Bg7 24. Bxd6 c4 $11) (19... Rxb2 20. Bxd6 (20. Ra3 Rb6 21. Bh6 f6
22. Rg3 Rf7 $15) 20... Rb6 21. Rad1 Rd8 22. Bxc5 Qxd2 23. Rxd2 Rxd2 24. Bxb6
Rxc2 $11) 20. Ra3 Kh8 (20... Bxb2 21. Rg3+ Kh8 22. Rb1 (22. Rb3 Rxb3 23. Bxd6
Rd8 24. cxb3 Qxd6 25. Qxb2+ Qd4 $11) 22... f6 (22... Rfb8 $2 23. Rxb2 Rxb2 24.
Bxd6 Qf6 25. Qe3 $18) 23. Rxb2 $1 Rxb2 24. Bxd6 Qd8 25. Bxf8 Qxf8 26. Rd3 $14)
21. Bg5 f6 (21... Bf6 $5 22. Bxf6+ Qxf6 23. b3 Rg8 $11) 22. Bh6 e5 $6 (22...
Rxb2 23. Bxg7+ Kxg7 24. Ra6 Rd8 $13) 23. Rea1 Bxh6 (23... Rxb2 24. Ra7 Rb7 25.
Bxg7+ Kxg7 26. Rxb7 Qxb7 27. Qxd6 $14) 24. Qxh6 Qg7 (24... Rb7 25. Ra8 Kg8 26.
R1a3 Rfb8 27. c4 $16) 25. Qd2 {[%mdl 32] White is clearly better due to the
more active heavy pieces and safer king. The black pawn d6 makes an ideal
object of the attack.} Qg5 (25... Rxb2 26. Qxd6 $16) 26. Qd1 $1 f5 (26... e4
27. Ra8 Rg8 28. Rxg8+ Qxg8 29. b3 d5 30. Qh5 $16) 27. Ra8 Rxa8 (27... Rbb8 28.
Rxb8 Rxb8 29. Qxd6 $18) (27... Qg8 28. Rxf8 Qxf8 29. b3 $16) 28. Rxa8+ Kg7 29.
Ra7+ Kh6 (29... Kh8 30. Rd7 Rxb2 31. Rxd6 Rb8 32. Qe1 Re8 33. Rd5 f4 34. Rxc5
$16) 30. Rd7 Qg6 31. Qd5 f4 (31... Ra6 32. Re7 Kg5 33. Re6 Qg7 34. Qd3 Ra1+ 35.
Kh2 f4 36. g4 $18) 32. Qa8 Kh5 (32... Qf6 33. Qg8 Qf5 34. h4 Rxb2 35. Rxh7+
Qxh7 36. Qg5#) 33. Qa7 (33. Qa7 Rxb2 34. Rxh7+ Kg5 35. Rg7 $18) 1-0

[Event "EU-Cup 23rd"]
[Site "Kemer"]
[Date "2007.10.09"]
[Round "7.3"]
[White "Rublevsky, Sergei"]
[Black "Tiviakov, Sergei"]
[Result "1-0"]
[WhiteElo "2676"]
[BlackElo "2643"]
[Annotator "Ftacnik,L"]
[PlyCount "93"]
[EventDate "2007.10.03"]
[EventType "team-swiss"]
[EventRounds "7"]
[EventCountry "TUR"]
[SourceTitle "CBM 121"]
[Source "ChessBase"]
[SourceDate "2007.11.14"]
[SourceVersion "1"]
[SourceVersionDate "2007.11.14"]
[SourceQuality "1"]
[WhiteTeam "Merida Linex Magic"]
[BlackTeam "Saratov Economist"]
[WhiteTeamCountry "ESP"]
[BlackTeamCountry "RUS"]

1. e4 c5 2. Nf3 Nc6 3. Bb5 d6 4. Bxc6+ bxc6 5. O-O e5 6. c3 Nf6 7. Re1 Bg4 8.
h3 Bxf3 9. Qxf3 Be7 10. d3 O-O 11. Nd2 Ne8 12. Nc4 Nc7 {Tiviakov knows the
limitations of his position. A worse pawn structure and a bad bishop force him
to fight for equality.} 13. Be3 Ne6 14. b4 cxb4 15. cxb4 Bg5 {The first truly
independent move in the game; naturally White will not trade himself.} (15...
Qd7 16. Rac1 Rfc8 17. Rc2 Rab8 18. a3 Bd8 19. Rec1 Bb6 20. Qg4 g6 21. Nxb6 axb6
22. d4 exd4 23. Bxd4 c5 {1/2 Rublevsky,S (2679)-Tregubov,P (2599)/Krasnoyarsk
2007 (49)}) 16. Rac1 Bxe3 (16... Qd7 $5 17. Qg4 Bf6 (17... Bxe3 18. fxe3 Rab8
19. a3 Rfd8 20. Red1 $16) 18. a3 $14) 17. fxe3 Qd7 (17... Rb8 18. a3 c5 19. Rb1
$14) 18. Red1 Rad8 (18... Rab8 19. a3 Rfd8 20. d4 exd4 21. exd4 Ng5 22. Qf5
Nxe4 23. Qxd7 Rxd7 24. Na5 $14) 19. d4 exd4 20. exd4 Ng5 21. Qf5 $1 {Rublevsky
will be happy with the better chances in the simplified position.} Nxe4 22.
Qxd7 (22. Qxe4 d5 23. Qf3 dxc4 24. Rxc4 Rc8 25. a4 f5 $14) 22... Rxd7 23. Na5
f5 (23... d5 24. Nxc6 h5 25. b5 h4 26. Rd3 $14) 24. Nxc6 f4 25. Rd3 (25. d5 Nf6
26. b5 Re8 27. a4 $16) 25... d5 $6 {Black is creating a stronghold on e4 for
his knight, but the pawn on d5 can become a target. It might have been better
to lure white pawn to the critical square d5.} (25... Rc7 26. d5 Nf6 27. Rd4 g5
28. b5 $14) 26. Ra3 Ra8 (26... h5 27. Rxa7 Rxa7 28. Nxa7 f3 29. gxf3 Rxf3 30.
Nc6 $16) 27. b5 Rb7 28. Rb1 $2 {[%mdl 4096] Unfortunate way of enhancing the
pressure, two other moves were offering solid superiority.} (28. b6 a6 (28...
Rxb6 29. Ne7+ Kf7 30. Nxd5 Rb7 31. Nxf4 $16) 29. Ra5 Rxb6 30. Ne7+ Kf8 31. Nxd5
Rb5 32. Rxb5 axb5 33. Nxf4 $16) (28. Ra5 Kf7 29. a4 $16) 28... Nd6 $2 {Both
players are oblivious to the golden chance to create sufficient counterplay
against the white king.} (28... Nd2 29. Rb4 Re8 $1 30. Rxa7 (30. Nxa7 $4 Re1+
31. Kf2 Rbe7 $19) (30. Kf2 Rf7 31. Rxa7 (31. h4 h5 32. Ne5 Rc7 $13) 31... Rxa7
32. Nxa7 Re3 33. b6 Ne4+ 34. Kf1 Ng3+ 35. Kf2 Ne4+ $11) 30... Rxa7 31. Nxa7
Re1+ 32. Kf2 Re3 $11) 29. Ra5 a6 (29... Nc4 30. Ra6 Nd2 31. Rb2 Ne4 32. a4 $16)
30. b6 Nc4 (30... h6 31. Rxd5 Nc4 32. Rb4 Nxb6 33. Re5 $18) 31. Rxd5 Rxb6 32.
Rxb6 Nxb6 33. Rf5 g6 34. Rxf4 Nd5 35. Re4 Rc8 (35... Kg7 36. a3 Rc8 37. Re6 $16
) 36. Re6 Rc7 (36... Nc3 37. Kh2 Nxa2 38. d5 $18) 37. Rd6 Nc3 38. Ne5 Kg7 (
38... Nxa2 39. d5 Re7 40. Rd8+ Kg7 41. Nd3 Kf7 42. d6 Re8 43. Rd7+ Kg8 44. Nc5
$16) 39. d5 Nxa2 $2 {The knight is truly drifting away from the scene of the
fight and losing the right to influence the proceedings.} (39... Re7 40. Nd3
Re2 41. Rxa6 Nxd5 42. a4 $16) 40. Re6 $1 Kf8 41. d6 Rc8 (41... Rc1+ 42. Kh2 Rd1
43. d7 $18) 42. Rf6+ Kg8 (42... Kg7 43. d7 Rd8 44. Rf7+ Kh6 45. Nc6 $18) 43. d7
{Rublevsky can capitalize on his unstoppable passed pawn.} Rd8 44. Rf7 Nb4 45.
Re7 Kf8 46. Rxh7 g5 47. Ng6+ (47. Ng6+ Kg8 48. Rh8+ $18) 1-0